000 00204 a2200109 4500
020 _a9780439663816
041 _aspa
100 _aMireille d Allance
245 _aNo,no y no
942 _cBK
952 _74
999 _c19766
_d19766